Statistics for Shanghai Masters Champions

Click here to take the quiz!

General Stats

  • This quiz has been taken 7 times
    (4 since last reset)
  • The average score is 10 of 12

Answer Stats

YearWinner% Correct
2012Novak Djokovic
100%
2013Novak Djokovic
100%
2015Novak Djokovic
100%
2018Novak Djokovic
100%
2014Roger Federer
100%
2017Roger Federer
100%
2010Andy Murray
75%
2011Andy Murray
75%
2016Andy Murray
75%
2019Daniil Medvedev
75%
2023Hubert Hurkacz
75%
2009Nikolay Davydenko
50%

Score Distribution

Percentile by Number Answered

Percent of People with Each Score

Your Score History

You have not taken this quiz since the last reset